[Event "AUTO-MASTER-3294"]
[Site "http://www.queenalice.com/game.php?id=1868520"]
[Date "2026.1.26"]
[Round "1"]
[White "Takeda"]
[Black "andrevillares"]
[Result "0-1"]
[WhiteElo "2188"]
[BlackElo "2191"]

1. e4 c6 2. Nf3 d5 3. exd5 cxd5 4. d4 Nc6 5. Bb5 Nf6 6. O-O Bg4 7. Qd3 e6 8. Ne5
Rc8 9. Bg5 Bf5 10. Qc3 Qb6 11. Bxc6+ bxc6 12. Bxf6 gxf6 13. Nf3 c5 14. Nh4 Bg6
15. dxc5 Bxc5 16. Qxf6 Bd4 17. Qf4 Bxb2 18. Nxg6 hxg6 19. Qa4+ Kf8 20. Nd2 Bxa1
21. Rxa1 Qc7 0-1

[Event "AUTO-OPEN-4636"]
[Site "http://www.queenalice.com/game.php?id=1868553"]
[Date "2026.1.27"]
[Round "1"]
[White "Takeda"]
[Black "shmurtz91"]
[Result "1-0"]
[WhiteElo "2135"]
[BlackElo "1975"]

1. e4 d5 2. exd5 Nf6 3. Nc3 Nxd5 4. Nxd5 Qxd5 5. Nf3 e5 6. d3 Bg4 7. Be2 Nd7 8.
O-O Bd6 9. Be3 O-O 10. h3 Be6 11. Ng5 f5 12. c4 Qa5 13. Nxe6 1-0

[Event "AUTO-OPEN-4636"]
[Site "http://www.queenalice.com/game.php?id=1868576"]
[Date "2026.1.27"]
[Round "1"]
[White "mvson33"]
[Black "Takeda"]
[Result "0-1"]
[WhiteElo "1936"]
[BlackElo "2162"]

1. d4 g6 2. Nf3 Bg7 3. e3 Nf6 4. Bc4 O-O 5. O-O d6 6. Nc3 Bg4 7. Be2 Nbd7 8. Bd2
c5 9. dxc5 Nxc5 10. Nd4 Bxe2 11. Qxe2 Rc8 12. Rac1 Nfe4 13. Nxe4 Nxe4 14. Bb4 a6
15. f3 Nc5 16. Bxc5 dxc5 17. Nb3 Bxb2 18. Rb1 Bg7 19. Rbd1 Qc7 20. Qd2 Rfd8 21.
Qe2 Rxd1 22. Rxd1 c4 23. Nc1 b5 24. Qf2 Rd8 25. Rxd8+ Qxd8 26. Qe2 Qb6 27. Kf2
Qd6 28. h3 Qa3 29. Qd1 e6 30. Ke2 Bb2 0-1

[Event "AUTO-OPEN-4636"]
[Site "http://www.queenalice.com/game.php?id=1868577"]
[Date "2026.1.27"]
[Round "1"]
[White "Takeda"]
[Black "mvson33"]
[Result "1-0"]
[WhiteElo "2189"]
[BlackElo "1867"]

1. e4 e5 2. Nf3 Nc6 3. Bb5 a6 4. Ba4 Nf6 5. O-O d6 6. d4 exd4 7. Bxc6+ bxc6 8.
Nxd4 Bb7 9. Bg5 Be7 10. Nf5 O-O 11. Nxe7+ Qxe7 12. Nc3 Rfe8 13. Re1 Qe6 14. f4
Qc8 15. Bxf6 c5 16. Nd5 Bxd5 17. Bxg7 Kxg7 18. Qxd5 Qe6 19. Qc6 Qc8 20. Rad1 a5
21. e5 dxe5 22. fxe5 Ra6 23. Qxc5 Qb7 24. b3 Rc6 25. Qf2 Qb6 26. Qxb6 cxb6 27.
c4 Rce6 28. Rd5 Kg8 29. Re4 Kg7 30. Kf2 Kf8 31. Kf3 f6 32. Rf4 Rxe5 33. Rxf6+
Kg7 34. Rxe5 Rxe5 35. Rxb6 Rf5+ 36. Ke3 Re5+ 37. Kd3 Rg5 38. g3 Rf5 39. Rb7+ Kg6
40. Rb6+ Kg7 41. Re6 Rf2 42. Re2 Rf7 43. c5 Rc7 44. Kc4 Kg6 45. Kb5 1-0

[Event "AUTO-OPEN-4636"]
[Site "http://www.queenalice.com/game.php?id=1868592"]
[Date "2026.1.27"]
[Round "1"]
[White "Takeda"]
[Black "EduardoRo"]
[Result "1-0"]
[WhiteElo "2161"]
[BlackElo "1098"]

1. e4 e5 2. Nf3 Nf6 3. Nxe5 Bc5 4. Nc3 d6 5. Nf3 O-O 6. Be2 Ng4 7. d4 Bb6 8. O-O
Bd7 9. Bg5 f6 10. Bh4 g5 11. Bg3 Nc6 12. Nxg5 fxg5 13. Bxg4 Bxg4 14. Qxg4 Bxd4
15. Nd5 Ne5 16. Bxe5 dxe5 17. c3 Bb6 18. Qe6+ Rf7 19. Qxe5 c6 20. Ne3 Bxe3 21.
fxe3 Qd3 22. Rxf7 Kxf7 23. Rf1+ Kg6 24. Qf6+ Kh5 25. Qf7+ Kh4 26. Qxh7+ 1-0

[Event "AUTO-OPEN-4636"]
[Site "http://www.queenalice.com/game.php?id=1868593"]
[Date "2026.1.27"]
[Round "1"]
[White "EduardoRo"]
[Black "Takeda"]
[Result "1/2-1/2"]
[WhiteElo "1697"]
[BlackElo "2162"]

1. e4 g6 2. d4 Bg7 3. Nf3 d6 4. Bc4 Nf6 5. Nc3 O-O 6. O-O Nxe4 7. Nxe4 d5 8. Bd3
dxe4 9. Bxe4 Nd7 10. Bg5 Nf6 11. Re1 Bg4 12. Qd3 c6 13. Nh4 c5 14. Bxb7 Rb8 15.
Bf3 Bxf3 16. Qxf3 cxd4 17. b3 Qc7 18. Bf4 Qxc2 19. Bxb8 Rxb8 20. Rxe7 Qb2 21.
Qd1 Nd5 22. Rxa7 d3 23. Rb1 Qe2 24. Qxe2 dxe2 25. Nf3 Bc3 26. Rd7 Nb4 27. a3 Nc2
28. Rc7 Nxa3 29. Rc1 Bf6 30. R7c6 Kg7 31. Re1 Rxb3 32. Rxe2 Bc3 33. h4 Bf6 34.
Rd2 Rb7 35. h5 h6 36. hxg6 fxg6 37. Rdd6 Rf7 38. Ra6 Nb5 39. Rdb6 Nc7 40. Ra5
Bd8 41. Rd6 Bf6 42. Ra7 Nb5 43. Rxf7+ Kxf7 44. Rd7+ Ke6 45. Rb7 Nd4 46. Nxd4+
Bxd4 47. Rb4 Bc5 48. Rb2 Bd4 49. Re2+ Kf5 50. g3 h5 51. Kg2 g5 52. f3 Bb6 53.
Rb2 Be3 54. Rb3 Bd4 55. Ra3 Bb6 56. Rb3 Bd4 57. Rb5+ Kf6 58. Kf1 Be5 59. Kf2
Bd4+ 60. Ke2 Be5 61. Kf2 Bd4+ 62. Kg2 Be5 63. Kh3 Bd4 64. f4 gxf4 65. gxf4 Be3
66. f5 Bf2 67. Kg2 Bd4 68. Kg3 Be5+ 69. Kh4 Kxf5 70. Kxh5 Ke4 71. Kg5 Bd4 72.
Rf5 Be3+ 73. Kg4 Bd4 74. Rb5 Be5 75. Ra5 Bd4 1/2-1/2

[Event "AUTO-MASTER-3296"]
[Site "http://www.queenalice.com/game.php?id=1869256"]
[Date "2026.2.15"]
[Round "1"]
[White "Capixaba789"]
[Black "Takeda"]
[Result "0-1"]
[WhiteElo "1839"]
[BlackElo "2178"]

1. d4 g6 2. e4 Bg7 3. Nc3 d6 4. f4 Nf6 5. Bd3 O-O 6. Nf3 a6 7. O-O Bg4 8. Qe1
Bxf3 9. Rxf3 Nc6 10. d5 Nd4 11. Rh3 h5 12. f5 Ng4 13. Rg3 Ne5 14. Bg5 f6 15. Be3
Nxd3 16. cxd3 Nc2 17. Qc1 Nxe3 18. Qxe3 g5 19. Rf1 Kh7 20. Qe2 Qe8 21. d4 c5 22.
dxc5 dxc5 23. Nd1 Kh6 24. Ne3 Qb5 25. Nc4 Qd7 26. Kh1 Rab8 27. Rh3 Qe8 28. d6 b5
29. dxe7 bxc4 30. Rc1 Rh8 31. Rxc4 h4 32. Rxc5 Qxe7 33. Rhc3 Rb7 34. h3 Re8 35.
R5c4 Qe5 36. a4 Reb8 37. Rc5 Qd6 38. Rc6 Qf4 39. Qxa6 Rxb2 40. Rxf6+ Kh7 41.
Rfc6 Rb1+ 42. Rc1 Rxc1+ 43. Rxc1 Qxc1+ 44. Kh2 Qf4+ 0-1

[Event "AUTO-MASTER-3296"]
[Site "http://www.queenalice.com/game.php?id=1869257"]
[Date "2026.2.15"]
[Round "1"]
[White "Takeda"]
[Black "Capixaba789"]
[Result "1-0"]
[WhiteElo "2159"]
[BlackElo "1878"]

1. e4 e5 2. Nf3 d6 3. d4 exd4 4. Nxd4 Nf6 5. Nc3 Be7 6. Bb5+ c6 7. Ba4 O-O 8.
O-O a5 9. Nf5 Bxf5 10. exf5 b5 11. Nxb5 cxb5 12. Bxb5 Na6 13. c4 Nc5 14. Bf4
Nfe4 15. f3 Nf6 16. Re1 Ra7 17. a3 a4 18. Qc2 Nfd7 19. Rad1 Qb6 20. Rxe7 Nd3+
21. Kf1 Nxf4 22. Rxd7 Rxd7 23. Bxd7 Rd8 24. Bxa4 h6 25. Bb5 d5 26. a4 d4 27. Qe4
Nh5 28. b4 Nf6 29. Qe7 Rf8 30. a5 Qb8 31. Rxd4 1-0

[Event "AUTO-MASTER-3296"]
[Site "http://www.queenalice.com/game.php?id=1869274"]
[Date "2026.2.15"]
[Round "1"]
[White "Takeda"]
[Black "IranSilva"]
[Result "1-0"]
[WhiteElo "2140"]
[BlackElo "1800"]

1. e4 e5 2. Nf3 Nf6 3. Nxe5 d6 4. Nf3 Nxe4 5. Nc3 Nxc3 6. bxc3 Be7 7. Bc4 O-O 8.
O-O Bg4 9. Re1 Nd7 10. d4 Nf6 11. Rb1 Rb8 12. Qd3 d5 13. Bb3 Re8 14. Bg5 h6 15.
Bh4 c6 16. Bxf6 Bxf6 17. Rxe8+ Qxe8 18. Re1 Qd8 19. Ne5 Be6 20. c4 dxc4 21. Bxc4
Bxc4 22. Qxc4 Qc7 23. f4 Rd8 24. c3 Kf8 25. Qc5+ Be7 26. Qxa7 c5 27. Nc6 1-0

[Event "AUTO-MASTER-3296"]
[Site "http://www.queenalice.com/game.php?id=1869275"]
[Date "2026.2.15"]
[Round "1"]
[White "IranSilva"]
[Black "Takeda"]
[Result "0-1"]
[WhiteElo "1796"]
[BlackElo "2144"]

1. d4 g6 2. c4 Bg7 3. Nf3 Nf6 4. Nc3 O-O 5. e4 d6 6. Be2 a6 7. O-O Bg4 8. h3 Bd7
9. Bf4 b5 10. cxb5 axb5 11. e5 dxe5 12. dxe5 Nh5 13. Bh2 Bh8 14. Bxb5 Bxb5 15.
Nxb5 Nd7 16. e6 fxe6 17. Qe2 Nc5 18. Rac1 Qd3 19. Qxd3 Nxd3 20. Rxc7 Rxa2 21.
Rxe7 Rxb2 22. Nbd4 Bxd4 23. Nxd4 Rfxf2 24. Rxf2 Rxf2 25. Nxe6 Re2 26. Bd6 Nhf4
27. Re8+ Kf7 0-1

[Event "AUTO-OPEN-4639"]
[Site "http://www.queenalice.com/game.php?id=1869391"]
[Date "2026.2.18"]
[Round "1"]
[White "Carlos19"]
[Black "Takeda"]
[Result "0-1"]
[WhiteElo "1687"]
[BlackElo "2177"]

1. e4 g6 2. b4 Bg7 3. Nc3 d6 4. Nf3 Nf6 5. Bc4 O-O 6. d3 Bg4 7. h3 Bh5 8. Bg5
Bxf3 9. Qxf3 Nbd7 10. d4 c6 11. d5 Ne5 12. Qe2 Nxc4 13. Qxc4 cxd5 14. exd5 Rc8
15. Qb5 Rxc3 16. Rc1 Qc7 17. Qe2 Nxd5 18. f4 Re3 19. Qxe3 Nxe3 20. Rg1 Nxc2+ 21.
Kd1 Ne3+ 22. Kd2 Qb6 23. a3 Bb2 24. Rb1 Qd4+ 25. Ke2 Rc8 26. g3 Rc2+ 27. Kf3 Nf5
28. Rgd1 Qf2+ 29. Kg4 Qxg3# 0-1

[Event "AUTO-OPEN-4639"]
[Site "http://www.queenalice.com/game.php?id=1869392"]
[Date "2026.2.18"]
[Round "1"]
[White "Takeda"]
[Black "Carlos19"]
[Result "1-0"]
[WhiteElo "2176"]
[BlackElo "1737"]

1. e4 e5 2. Nf3 Nc6 3. Bb5 Bd6 4. O-O a6 5. Ba4 Nf6 6. c3 b5 7. Bc2 h6 8. d4 Ng8
9. d5 Nce7 10. Nbd2 Nf6 11. c4 b4 12. Nb3 Nxe4 13. Bxe4 a5 14. c5 Ba6 15. cxd6
cxd6 16. Re1 Bc4 17. Be3 f5 18. Bc2 Bxd5 19. Bxf5 e4 20. Bd4 Rg8 21. Bxe4 Bxe4
22. Rxe4 d5 23. Re3 Kf8 24. Rc1 Nf5 25. Ne5 Nxe3 26. Qf3+ Ke7 27. Qxe3 Kd6 28.
Nf7# 1-0

[Event "AUTO-OPEN-4639"]
[Site "http://www.queenalice.com/game.php?id=1869419"]
[Date "2026.2.18"]
[Round "1"]
[White "Takeda"]
[Black "JailtonMaster"]
[Result "1-0"]
[WhiteElo "2176"]
[BlackElo "2218"]

1. e4 e5 2. Nf3 Nc6 3. Bb5 a6 4. Ba4 Nf6 5. O-O Be7 6. Bxc6 dxc6 7. Nc3 Bd6 8.
d4 exd4 9. Nxd4 Bxh2+ 10. Kxh2 Ng4+ 11. Kg1 Be6 12. Nxe6 Qh4 13. Nxc7+ Ke7 14.
Bf4 Qxf2+ 15. Rxf2 1-0

[Event "AUTO-OPEN-4639"]
[Site "http://www.queenalice.com/game.php?id=1869420"]
[Date "2026.2.18"]
[Round "1"]
[White "JailtonMaster"]
[Black "Takeda"]
[Result "1/2-1/2"]
[WhiteElo "2148"]
[BlackElo "2163"]

1. d4 g6 2. c4 Bg7 3. Nc3 Nf6 4. e4 d6 5. h3 O-O 6. Nf3 c5 7. Bd3 cxd4 8. Nxd4
Nc6 9. Nxc6 bxc6 10. O-O Rb8 11. f4 e6 12. f5 exf5 13. exf5 d5 14. fxg6 fxg6 15.
cxd5 Nxd5 16. Rxf8+ Qxf8 17. Nxd5 cxd5 18. Rb1 Qc5+ 19. Kh1 Qf2 20. Qe2 Qxe2 21.
Bxe2 Kf7 22. g4 Ke6 23. b3 Bb7 24. Bf3 d4 25. Bxb7 Rxb7 26. Bb2 Kd5 27. Kg2 Rf7
1/2-1/2

[Event "AUTO-MASTER-3290"]
[Site "http://www.queenalice.com/game.php?id=1869984"]
[Date "2026.2.28"]
[Round "2"]
[White "JailtonMaster"]
[Black "Takeda"]
[Result "1-0"]
[WhiteElo "2095"]
[BlackElo "2149"]

1. d4 g6 2. c4 Bg7 3. Nc3 Nf6 4. e4 d6 5. Bd3 O-O 6. Nf3 a6 7. O-O Nbd7 8. Ne1
e5 9. d5 Nc5 10. Bc2 Nh5 11. b4 Nd7 12. Ne2 f5 13. f4 fxe4 14. Bxe4 Qe7 15. f5
Ndf6 16. Bb1 gxf5 17. Bxf5 Bxf5 18. Rxf5 Bh8 19. Nc3 Ng7 20. Rf1 a5 21. b5 Nd7
22. Nf3 Rf5 23. Bb2 Raf8 24. Ne4 Nf6 25. Nxf6+ R8xf6 26. Re1 Rg6 27. c5 Qf7 28.
Nh4 Rxg2+ 29. Nxg2 Nh5 30. Qg4+ Bg7 31. Rf1 Nf4 32. Nxf4 Rxf4 33. Rxf4 Qxf4 34.
Qxf4 exf4 35. cxd6 cxd6 36. Bxg7 Kxg7 37. Rc1 1-0

[Event "AUTO-MASTER-3290"]
[Site "http://www.queenalice.com/game.php?id=1869988"]
[Date "2026.2.28"]
[Round "2"]
[White "IranSilva"]
[Black "Takeda"]
[Result "0-1"]
[WhiteElo "1798"]
[BlackElo "2142"]

1. d4 g6 2. c4 Bg7 3. Nc3 Nf6 4. e4 d6 5. f4 O-O 6. Nf3 Nbd7 7. Bd3 Re8 8. O-O
e5 9. fxe5 dxe5 10. d5 Nf8 11. b4 c6 12. Bg5 h6 13. Bh4 g5 14. Bg3 Nh5 15. Bf2
Nf4 16. Bc2 cxd5 0-1

[Event "AUTO-MASTER-3290"]
[Site "http://www.queenalice.com/game.php?id=1869989"]
[Date "2026.2.28"]
[Round "2"]
[White "Takeda"]
[Black "IranSilva"]
[Result "1-0"]
[WhiteElo "2135"]
[BlackElo "1915"]

1. e4 e5 2. Nf3 Nf6 3. Nxe5 d6 4. Nf3 Nxe4 5. d4 d5 6. Bd3 Nc6 7. O-O Be7 8. Re1
Bf5 9. c4 O-O 10. cxd5 Qxd5 11. Bxe4 Bxe4 12. Nc3 Bxf3 13. Nxd5 Bxd5 14. Bf4
Rac8 15. a3 Bf6 16. Be5 Bxe5 17. dxe5 1-0